[Event "BLR-ch sf"]
[Site "Minsk"]
[Date "2023.12.12"]
[Round "6"]
[White "Baikou, Stsiapan"]
[Black "Babeikin, Kiryl"]
[Result "0-1"]
[WhiteElo "1129"]
[BlackElo "1550"]
[PlyCount "130"]
[EventDate "2023.12.07"]
[EventType "swiss"]
[EventRounds "9"]
[EventCountry "BLR"]
[SourceTitle "CB51_2023"]
[SourceDate "2023.12.20"]
[SourceVersion "1"]
[SourceVersionDate "2023.12.20"]
[SourceQuality "1"]

1. e4 c5 2. c3 d5 3. exd5 Qxd5 4. d4 Nf6 5. Nf3 e6 6. Be3 cxd4 7. Qxd4 Nc6 8. Qd3 Be7 9. Qxd5 Nxd5 10. Nd4 Nxe3 11. fxe3 Ne5 12. Bb5+ Bd7 13. Bxd7+ Nxd7 14. 0-0 0-0 15. Nd2 Ne5 16. N2f3 Nc4 17. e4 Bc5 18. b3 Nd6 19. e5 Nf5 20. Kh1 Nxd4 21. Nxd4 Rfd8 22. Rad1 Rd5 23. Rfe1 Rad8 24. Re4 a5 25. g3 h6 26. Kg2 b5 27. Rc1 Bxd4 28. cxd4 Rxd4 29. Rxd4 Rxd4 30. Rc2 Rd5 31. Re2 Kf8 32. Kf3 Ke7 33. Kf4 f6 34. exf6+ Kxf6 35. Rc2 e5+ 36. Ke3 Kf5 37. Rf2+ Ke6 38. Rc2 Kd6 39. Rc8 Rc5 40. Rg8 Rc2 41. Rxg7 Rxa2 42. Rg6+ Kd5 43. Rxh6 Ra3 44. Kd2 Rxb3 45. Kc2 a4 46. Rh8 b4 47. Rd8+ Kc6 48. g4 Rc3+ 49. Kb1 a3 50. g5 Kc7 51. Rd2 b3 52. Rd1 Rc2 53. Rf1 Rxh2 54. Rg1 Rc2 55. Rf1 Rg2 56. Rd1 Rxg5 57. Kc1 Rg2 58. Kb1 e4 59. Rc1+ Kd6 60. Rd1+ Kc5 61. Rc1+ Rc2 62. Rh1 Kb4 63. Re1 a2+ 64. Ka1 Ka3 65. Rb1 Rc1 0-1

[Event "Minsk op"]
[Site "Minsk"]
[Date "2023.11.03"]
[Round "1"]
[White "Krauchuk, Volha"]
[Black "Babeikin, Kiryl"]
[Result "1-0"]
[WhiteElo "1600"]
[BlackElo "1522"]
[PlyCount "49"]
[EventDate "2023.11.03"]
[EventType "swiss"]
[EventRounds "9"]
[EventCountry "BLR"]
[SourceTitle "CB46_2023"]
[SourceDate "2023.11.15"]
[SourceVersion "1"]
[SourceVersionDate "2023.11.15"]
[SourceQuality "1"]

1. e4 c5 2. c3 d5 3. exd5 Qxd5 4. Nf3 e5 5. Na3 e4 6. Bc4 Qh5 7. Qe2 Nf6 8. d3 Qf5 9. Ng5 Be6 10. dxe4 Qg6 11. e5 Nfd7 12. f4 h6 13. Nxe6 fxe6 14. Nb5 a6 15. Nc7+ Kd8 16. Nxa8 Nc6 17. Be3 Qf7 18. a4 Na5 19. Rd1 Kc8 20. Bxa6 Kb8 21. Bb5 Kxa8 22. Rxd7 Qg6 23. 0-0 h5 24. Qf3 Ka7 25. b4 1-0

[Event "St Petersburg Korchnoi Memorial op"]
[Site "St Petersburg"]
[Date "2023.08.24"]
[Round "9"]
[White "Khorsheva, Alexandra"]
[Black "Babeikin, Kiryl"]
[Result "0-1"]
[WhiteElo "2154"]
[BlackElo "1406"]
[PlyCount "62"]
[EventDate "2023.08.18"]
[EventType "swiss"]
[EventRounds "9"]
[EventCountry "RUS"]
[SourceTitle "EXT 2024"]
[Source "ChessBase"]
[SourceDate "2023.10.10"]
[SourceVersion "1"]
[SourceVersionDate "2023.10.10"]
[SourceQuality "1"]

1. d4 d5 2. c4 e6 3. Nf3 Nf6 4. Bg5 Be7 5. e3 Nbd7 6. Nc3 h6 7. Bxf6 Nxf6 8. Qc2 0-0 9. cxd5 exd5 10. Be2 c6 11. 0-0 Re8 12. Rab1 Bd6 13. b4 Bd7 14. b5 Rc8 15. bxc6 Bxc6 16. Qb3 Ne4 17. Rfc1 Bb8 18. Bb5 Re6 19. Nxd5 Bxd5 20. Rxc8 Qxc8 21. Qxd5 Nc3 22. Bd7 Qc7 23. Qxb7 Nxb1 24. Qxc7 Bxc7 25. Bxe6 fxe6 26. Ne1 Nc3 27. a3 a5 28. Nc2 Bd6 29. Kf1 Nb1 30. Ke2 Nxa3 31. Nxa3 Bxa3 0-1

[Event "Wch U10 rapid"]
[Site "Batumi"]
[Date "2023.06.07"]
[Round "5"]
[White "Banerjee, Supratit"]
[Black "Babeikin, Kiryl"]
[Result "1-0"]
[WhiteElo "1848"]
[BlackElo "1309"]
[PlyCount "109"]
[EventDate "2023.06.06"]
[EventType "swiss (rapid)"]
[EventRounds "11"]
[EventCountry "GEO"]
[SourceTitle "EXT 2024"]
[Source "ChessBase"]
[SourceDate "2023.10.10"]
[SourceVersion "1"]
[SourceVersionDate "2023.10.10"]
[SourceQuality "1"]
[WhiteTeam "Schottland"]
[BlackTeam "FIDE"]
[WhiteTeamCountry "SCO"]

1. e4 c5 2. c3 d5 3. exd5 Qxd5 4. d4 Nf6 5. Nf3 e6 6. Be3 cxd4 7. cxd4 Bb4+ 8. Nc3 0-0 9. Bd3 b6 10. 0-0 Bxc3 11. bxc3 Ba6 12. Qc2 Bxd3 13. Qxd3 Rc8 14. Rac1 Nc6 15. c4 Qd7 16. a3 e5 17. Qc3 exd4 18. Nxd4 Na5 19. Qd3 Rd8 20. Rfd1 Rac8 21. h3 h6 22. Qe2 Qa4 23. Nf5 Rxd1+ 24. Rxd1 Qxc4 25. Qf3 Kh8 26. Nd6 Qc7 27. Nxc8 Qxc8 28. Bxh6 Qe6 29. Bg5 Nd7 30. Qa8+ Kh7 31. Qxa7 Ne5 32. Qa8 Nac6 33. Qa4 Qg6 34. Qh4+ Kg8 35. Kh1 f6 36. Be3 b5 37. Rc1 Qd3 38. Qh5 Qxa3 39. Rxc6 Nxc6 40. Qd5+ Kh8 41. Qxc6 b4 42. Qc8+ Kh7 43. Qc2+ Kh8 44. Bc1 Qa1 45. Qb2 Qa4 46. Bd2 b3 47. Bc3 Qc4 48. Kg1 Kg8 49. h4 Kh7 50. h5 Kh6 51. Qb1 Qf7 52. Bd2+ Kxh5 53. Qh7+ Kg4 54. f3+ Kg3 55. Qe4 1-0

[Event "Wch U08"]
[Site "Batumi"]
[Date "2022.09.21"]
[Round "6"]
[White "Xu, Ryan1111"]
[Black "Babeikin, Kiryl"]
[Result "1-0"]
[WhiteElo "1590"]
[BlackElo "1247"]
[PlyCount "107"]
[EventDate "2022.09.16"]
[EventType "swiss"]
[EventRounds "11"]
[EventCountry "GEO"]
[SourceTitle "EXT 2023"]
[Source "ChessBase"]
[SourceDate "2022.10.05"]
[SourceVersion "1"]
[SourceVersionDate "2022.10.05"]
[SourceQuality "1"]

1. d4 Nf6 2. c4 e6 3. g3 d5 4. Nf3 dxc4 5. Bg2 Bd6 6. 0-0 0-0 7. Nc3 Nbd7 8. e3 Nb6 9. e4 Bb4 10. Qe2 Bd7 11. Ne5 a5 12. Bg5 h6 13. Bxf6 Qxf6 14. Nxd7 Nxd7 15. e5 Qe7 16. Bxb7 Rab8 17. Bc6 Nb6 18. a3 Bxc3 19. bxc3 f6 20. exf6 Rxf6 21. Rae1 Qxa3 22. Qe3 Qd6 23. Be4 Nd5 24. Bxd5 exd5 25. Re2 Rbf8 26. Ra2 Rf3 27. Qd2 Rd3 28. Qc2 Qg6 29. Rc1 Qg5 30. h4 Qg4 31. Rf1 Qe4 32. Kh2 Qf3 33. Rxa5 Rxc3 34. Qg6 Qd3 35. Qe6+ Kh8 36. Kg1 Rxf2 37. Ra8+ Kh7 38. Qg8+ Kg6 39. Qe8+ Kh7 40. Qg8+ Kg6 41. Ra6+ Kh5 42. Qe8+ g6 43. Qe5+ Rf5 44. g4+ Kxg4 45. Rxg6+ Rg5 46. Rxg5+ hxg5 47. Qxg5+ Kh3 48. Qg2+ Kxh4 49. Rf4+ Kh5 50. Qg4+ Kh6 51. Qh4+ Kg7 52. Qf6+ Kh7 53. Rh4+ Kg8 54. Rh8# 1-0